[Event "Wch U20 Girls 41st"]
[Site "Petrovac"]
[Date "2025.03.02"]
[Round "6"]
[White "Balabayeva, Kseniya"]
[Black "Song, Yuxin"]
[Result "1/2-1/2"]
[WhiteElo "2264"]
[BlackElo "2381"]
[PlyCount "54"]
[EventDate "2025.02.25"]
[EventType "swiss"]
[EventRounds "11"]
[EventCountry "MNE"]
[SourceTitle "CB11_2025"]
[SourceDate "2025.03.12"]
[SourceVersion "1"]
[SourceVersionDate "2025.03.12"]
[SourceQuality "1"]

1. d4 Nf6 2. c4 e6 3. Nc3 Bb4 4. e3 0-0 5. Bd2 c5 6. a3 Bxc3 7. Bxc3 Ne4 8. Ne2 b6 9. d5 Ba6 10. Qd3 exd5 11. Qxd5 Qe7 12. Rc1 Nc6 13. Ng3 Nxc3 14. Rxc3 Qe6 15. Be2 Ne7 16. Qxe6 dxe6 17. 0-0 Rfd8 18. b4 Bb7 19. Rb1 Rac8 20. b5 Rd2 21. Rd3 Rxd3 22. Bxd3 Rd8 23. Rb3 Nc8 24. a4 a5 25. bxa6 Bxa6 26. f3 f5 27. Kf2 Kf7 1/2-1/2

[Event "Wch U20 Girls 41st"]
[Site "Petrovac"]
[Date "2025.03.01"]
[Round "5"]
[White "Balabayeva, Kseniya"]
[Black "Gaal, Zsoka"]
[Result "1/2-1/2"]
[WhiteElo "2264"]
[BlackElo "2404"]
[PlyCount "65"]
[EventDate "2025.02.25"]
[EventType "swiss"]
[EventRounds "11"]
[EventCountry "MNE"]
[SourceTitle "CB11_2025"]
[SourceDate "2025.03.12"]
[SourceVersion "1"]
[SourceVersionDate "2025.03.12"]
[SourceQuality "1"]

1. d4 Nf6 2. Nf3 b6 3. g3 Bb7 4. Bg2 e6 5. 0-0 Be7 6. c4 0-0 7. b3 a5 8. Nc3 Ne4 9. Bb2 d6 10. Qc2 Nxc3 11. Bxc3 f5 12. d5 e5 13. Nxe5 dxe5 14. d6 Bxg2 15. dxe7 Qxe7 16. Kxg2 Nc6 17. Rad1 Rae8 18. Rd5 Nd4 19. Bxd4 exd4 20. Rxf5 Rxf5 21. Qxf5 Qxe2 22. Qd5+ Kf8 23. Qxd4 Qxa2 24. Qd3 h6 25. Rd1 Qe2 26. Qf5+ Kg8 27. Rd7 Re7 28. Rd8+ Re8 29. Rd7 Re7 30. Qd5+ Kh7 31. Qf5+ Kg8 32. Rd4 Re8 33. Rd7 1/2-1/2

[Event "Wch U20 Girls 41st"]
[Site "Petrovac"]
[Date "2025.02.28"]
[Round "4"]
[White "Nguyen, Thien Ngan"]
[Black "Balabayeva, Kseniya"]
[Result "0-1"]
[WhiteElo "1923"]
[BlackElo "2264"]
[PlyCount "158"]
[EventDate "2025.02.25"]
[EventType "swiss"]
[EventRounds "11"]
[EventCountry "MNE"]
[SourceTitle "CB11_2025"]
[SourceDate "2025.03.12"]
[SourceVersion "1"]
[SourceVersionDate "2025.03.12"]
[SourceQuality "1"]

1. e4 c6 2. d4 d5 3. e5 Bf5 4. Nd2 e6 5. Nb3 Nd7 6. Nf3 h6 7. Be2 Ne7 8. 0-0 Bh7 9. Ne1 Nf5 10. f4 Be7 11. a4 0-0 12. Nd3 b6 13. Nf2 c5 14. c3 c4 15. g4 Nh4 16. Nd2 f5 17. Nf3 fxg4 18. Nxh4 Bxh4 19. Nxg4 Be4 20. Ne3 Rc8 21. Bg4 Qe8 22. Bh5 Bg6 23. Bxg6 Qxg6+ 24. Qg4 Qxg4+ 25. Nxg4 h5 26. Ne3 g6 27. Kg2 Bd8 28. Rb1 Nb8 29. b3 cxb3 30. Rxb3 Nc6 31. Ba3 Rf7 32. Bb4 Nxb4 33. cxb4 Rfc7 34. Kf3 Rc1 35. Rxc1 Rxc1 36. a5 bxa5 37. bxa5 Bxa5 38. Rb8+ Kf7 39. Rh8 Bb6 40. Rh7+ Kf8 41. Ng2 Rf1+ 42. Ke2 Rg1 43. Nh4 Rg4 44. Nf3 Rxf4 45. Ng5 Rxd4 46. Rf7+ Ke8 47. Rf6 Rh4 48. Rxe6+ Kd7 49. Rd6+ Kc8 50. e6 Bd8 51. Nf3 Re4+ 52. Kd3 Bc7 53. Rxd5 Rxe6 54. Rb5 Bb6 55. Nh4 Kd7 56. Rd5+ Ke7 57. Rg5 Kf7 58. Rg3 Bf2 59. Rf3+ Rf6 60. Rxf6+ Kxf6 61. Nf3 Kf5 62. Ke2 Bb6 63. Kf1 a5 64. Ne1 a4 65. Nc2 Bc7 66. Kg2 Be5 67. Na3 Bb2 68. Nc4 a3 69. Nxa3 Bxa3 70. Kh1 Kg4 71. Kg2 Bd6 72. Kg1 Kh3 73. Kh1 g5 74. Kg1 Bxh2+ 75. Kh1 Bd6 76. Kg1 g4 77. Kh1 g3 78. Kg1 Bc5+ 79. Kh1 g2# 0-1

[Event "Wch U20 Girls 41st"]
[Site "Petrovac"]
[Date "2025.02.27"]
[Round "3"]
[White "Balabayeva, Kseniya"]
[Black "Zhurova, Anna"]
[Result "0-1"]
[WhiteElo "2264"]
[BlackElo "2307"]
[PlyCount "110"]
[EventDate "2025.02.25"]
[EventType "swiss"]
[EventRounds "11"]
[EventCountry "MNE"]
[SourceTitle "CB11_2025"]
[SourceDate "2025.03.12"]
[SourceVersion "1"]
[SourceVersionDate "2025.03.12"]
[SourceQuality "1"]

1. d4 d5 2. c4 e6 3. Nc3 Nf6 4. cxd5 exd5 5. Bg5 Bb4 6. e3 h6 7. Bxf6 Qxf6 8. Qb3 Qd6 9. a3 Bxc3+ 10. Qxc3 0-0 11. Qb4 Qg6 12. Rc1 b6 13. Nf3 c5 14. dxc5 Na6 15. Qf4 Nxc5 16. Ne5 Qe6 17. Nf3 Qg6 18. Ne5 Qd6 19. Nd3 Qe7 20. Qb4 Nxd3+ 21. Bxd3 Qg5 22. Kf1 Bf5 23. Qd4 Rac8 24. Rd1 Qg6 25. g3 Bh3+ 26. Ke2 Qh5+ 27. Kd2 Bg2 28. Rhg1 Bf3 29. Rdf1 Be4 30. h4 Bxd3 31. Qxd3 Qf3 32. g4 Rfd8 33. Qf5 Qe4 34. Rc1 Rc4 35. Qxe4 dxe4+ 36. Ke2 Rdc8 37. Rxc4 Rxc4 38. Rd1 Rc2+ 39. Rd2 Rxd2+ 40. Kxd2 h5 41. gxh5 Kh7 42. Kc3 Kh6 43. Kd4 Kxh5 44. Kxe4 Kxh4 45. Kf4 Kh3 46. Kf3 g5 47. a4 f5 48. e4 g4+ 49. Ke3 fxe4 50. Kxe4 Kg2 51. Ke3 Kf1 52. b4 a6 53. b5 axb5 54. axb5 Ke1 55. f4 Kf1 0-1

[Event "Wch U20 Girls 41st"]
[Site "Petrovac"]
[Date "2025.02.26"]
[Round "2"]
[White "Ter Avetisjana, Agnesa Stepania"]
[Black "Balabayeva, Kseniya"]
[Result "0-1"]
[WhiteElo "2133"]
[BlackElo "2264"]
[PlyCount "132"]
[EventDate "2025.02.25"]
[EventType "swiss"]
[EventRounds "11"]
[EventCountry "MNE"]
[SourceTitle "CB11_2025"]
[SourceDate "2025.03.12"]
[SourceVersion "1"]
[SourceVersionDate "2025.03.12"]
[SourceQuality "1"]

1. e4 c6 2. Nf3 d5 3. d3 g6 4. e5 Bg7 5. Bf4 c5 6. d4 Bg4 7. Nc3 cxd4 8. Qxd4 Bxf3 9. gxf3 Nc6 10. Qxd5 Qxd5 11. Nxd5 0-0-0 12. 0-0-0 e6 13. Bh3 Bxe5 14. Bg3 h5 15. Ne3 h4 16. Bxe5 Nxe5 17. f4 Nc6 18. Nc4 Nh6 19. Ne5 Nxe5 20. fxe5 g5 21. Rhg1 Rhg8 22. Rxd8+ Kxd8 23. f3 Ke7 24. Rd1 Rc8 25. Rg1 Rg8 26. Rd1 Rg6 27. Rd4 f5 28. exf6+ Rxf6 29. Re4 Nf7 30. Bg4 e5 31. Kd2 Rd6+ 32. Ke2 Rc6 33. Kd2 Kf6 34. Ra4 a6 35. Rb4 Nd6 36. Bd7 Rc5 37. Bg4 b5 38. a4 a5 39. Rb3 bxa4 40. Rb6 Ke7 41. Ra6 Nc4+ 42. Kc1 Ne3 43. Ra7+ Kd6 44. c3 a3 45. Ra6+ Kc7 46. bxa3 Nxg4 47. fxg4 Rxc3+ 48. Kb2 Rh3 49. Rg6 Rxh2+ 50. Kc3 Rg2 51. Rxg5 Kd6 52. Kc4 Rd2 53. Rg6+ Ke7 54. g5 h3 55. Rh6 h2 56. Kc3 Ra2 57. Kb3 Re2 58. Kc4 e4 59. a4 Rd2 60. Kc3 e3 61. Rh3 Kf7 62. Rh6 Kg7 63. Rh3 Rf2 64. Kd3 e2 65. Kd2 Rf1 66. Kxe2 h1Q 0-1

[Event "Wch U20 Girls 41st"]
[Site "Petrovac"]
[Date "2025.02.25"]
[Round "1"]
[White "Balabayeva, Kseniya"]
[Black "Trifoi, Mihaela Ioana"]
[Result "1-0"]
[WhiteElo "2264"]
[BlackElo "1990"]
[PlyCount "117"]
[EventDate "2025.02.25"]
[EventType "swiss"]
[EventRounds "11"]
[EventCountry "MNE"]
[SourceTitle "CB11_2025"]
[SourceDate "2025.03.12"]
[SourceVersion "1"]
[SourceVersionDate "2025.03.12"]
[SourceQuality "1"]

1. d4 d5 2. Nf3 a6 3. Bf4 c5 4. dxc5 Nc6 5. c4 e6 6. Nc3 d4 7. Ne4 Bxc5 8. Nxc5 Qa5+ 9. Qd2 Qxc5 10. e3 dxe3 11. Bxe3 Qb4 12. 0-0-0 Qxd2+ 13. Nxd2 Nge7 14. Ne4 0-0 15. Bb6 e5 16. Nd6 Be6 17. Be2 Nc8 18. Nxc8 Rfxc8 19. b3 a5 20. a4 Nb8 21. Bf3 Nd7 22. Rxd7 Bxd7 23. Bxb7 Rxc4+ 24. bxc4 Rb8 25. Bf3 Rxb6 26. Rd1 Be8 27. Rd8 Kf8 28. c5 Re6 29. c6 e4 30. c7 Rc6+ 31. Kb2 Rxc7 32. Bxe4 Rc4 33. Bd3 Rb4+ 34. Kc3 Ke7 35. Ra8 Bc6 36. Ra7+ Rb7 37. Rxa5 Bxg2 38. Rg5 Bc6 39. a5 g6 40. a6 Rd7 41. Ra5 Ra7 42. Kd4 Kd6 43. f4 h6 44. h4 Rd7 45. Bc4 Ra7 46. h5 Bf3 47. Ke3 Bxh5 48. Bd5 g5 49. f5 Bg4 50. Bb7 f6 51. Rd5+ Ke7 52. Rc5 h5 53. Ke4 Be2 54. Rc7+ Kd8 55. Rc6 Ke7 56. Kd4 h4 57. Re6+ Kf7 58. Rxe2 g4 59. Re4 1-0

[Event "Seville op 50th"]
[Site "Seville"]
[Date "2025.01.15"]
[Round "6"]
[White "Agdestein, Simen"]
[Black "Balabayeva, Kseniya"]
[Result "1-0"]
[WhiteElo "2564"]
[BlackElo "2249"]
[PlyCount "91"]
[EventDate "2025.01.10"]
[EventType "swiss"]
[EventRounds "9"]
[EventCountry "ESP"]
[SourceTitle "CB04_2025"]
[SourceDate "2025.01.22"]
[SourceVersion "1"]
[SourceVersionDate "2025.01.22"]
[SourceQuality "1"]

1. e4 c6 2. d4 d5 3. e5 Bf5 4. Nf3 e6 5. Be2 c5 6. Be3 Qb6 7. Nc3 a6 8. 0-0 Qc7 9. Na4 c4 10. Nh4 Bg6 11. f4 Be7 12. Nxg6 hxg6 13. b3 b5 14. Nb2 Nc6 15. a4 Rb8 16. g4 Bb4 17. axb5 axb5 18. bxc4 bxc4 19. Na4 f5 20. c3 Be7 21. gxf5 gxf5 22. Bh5+ Kf8 23. Kh1 Na5 24. Rg1 Nb3 25. Ra2 Qc6 26. Rag2 g5 27. Nb2 Ra8 28. fxg5 Ra2 29. Qf3 Ba3 30. Nd1 Rxg2 31. Rxg2 Bc1 32. h4 Kg7 33. Rc2 Bxe3 34. Nxe3 Ne7 35. Ng2 Qb6 36. Kh2 Ra8 37. Nf4 Rh8 38. Kh3 Na1 39. Ra2 Nb3 40. Qd1 Rb8 41. Bf3 Ng6 42. Nxg6 Kxg6 43. h5+ Kg7 44. Qg1 Rg8 45. Qe3 Rf8 46. Qf4 1-0

[Event "Seville op 50th"]
[Site "Seville"]
[Date "2025.01.13"]
[Round "4"]
[White "Kvaloy, Aksel Bu"]
[Black "Balabayeva, Kseniya"]
[Result "1-0"]
[WhiteElo "2487"]
[BlackElo "2249"]
[PlyCount "113"]
[EventDate "2025.01.10"]
[EventType "swiss"]
[EventRounds "9"]
[EventCountry "ESP"]
[SourceTitle "CB04_2025"]
[SourceDate "2025.01.22"]
[SourceVersion "1"]
[SourceVersionDate "2025.01.22"]
[SourceQuality "1"]

1. d4 d5 2. c4 e6 3. Nf3 Nf6 4. g3 Be7 5. Bg2 0-0 6. 0-0 c6 7. Qc2 b6 8. Ne5 Bb7 9. Nc3 Nbd7 10. e4 dxc4 11. Nxc4 b5 12. Ne3 Rc8 13. Rd1 Qb6 14. a4 a6 15. b3 Rfd8 16. Bb2 Nf8 17. Ne2 Rd7 18. Nf4 Ng6 19. Nd3 c5 20. dxc5 Bxc5 21. a5 Qc7 22. Nxc5 Qxc5 23. Qxc5 Rxc5 24. Rxd7 Nxd7 25. Rd1 Ngf8 26. Kf1 f6 27. Ke2 Kf7 28. h4 Rc8 29. b4 Nb8 30. f4 Ke7 31. Bf3 Rc7 32. h5 Nc6 33. g4 Rd7 34. e5 h6 35. exf6+ gxf6 36. Rxd7+ Nxd7 37. g5 Nd8 38. Bxb7 Nxb7 39. Ng4 fxg5 40. fxg5 hxg5 41. h6 Nf8 42. Nf6 Kd6 43. Ke3 Nd8 44. h7 Nxh7 45. Nxh7 Kd5 46. Kd3 Nc6 47. Bc3 e5 48. Nxg5 Nd8 49. Bd2 Nc6 50. Bc3 Nd8 51. Ne4 Nc6 52. Bd2 Ne7 53. Nc5 Nf5 54. Nxa6 e4+ 55. Kc3 e3 56. Be1 Nd4 57. Nc7+ 1-0

[Event "Wch Blitz (Women)"]
[Site "New York"]
[Date "2024.12.30"]
[Round "7"]
[White "Balabayeva, Kseniya"]
[Black "Agrest, Inna"]
[Result "0-1"]
[WhiteElo "2315"]
[BlackElo "2155"]
[PlyCount "98"]
[EventDate "2024.12.30"]
[EventType "swiss (blitz)"]
[EventRounds "11"]
[EventCountry "USA"]
[SourceTitle "CB01_2025"]
[SourceDate "2025.01.01"]
[SourceVersion "1"]
[SourceVersionDate "2025.01.01"]
[SourceQuality "1"]

1. d4 d5 2. Nf3 e6 3. Bf4 Bd6 4. Bg3 Nf6 5. e3 0-0 6. Nbd2 b6 7. c3 Ba6 8. Bxa6 Nxa6 9. Ne5 Nb8 10. 0-0 c5 11. f4 Qc7 12. Qf3 Nbd7 13. Bh4 Rac8 14. g4 b5 15. g5 Ne8 16. Rac1 a5 17. a3 Nb6 18. Bg3 Na4 19. Rc2 c4 20. f5 b4 21. axb4 axb4 22. cxb4 Qd8 23. f6 g6 24. Bf4 Bxb4 25. Nb1 Bd6 26. Qh3 h5 27. gxh6 Kh7 28. Bg5 Bxe5 29. dxe5 Nc7 30. Nd2 Rb8 31. Bf4 Rxb2 32. Rfc1 Rxc2 33. Rxc2 Nc5 34. Nf3 Ne4 35. Qf1 Nb5 36. Qb1 Qa5 37. Ra2 Nbc3 38. Rxa5 Nxb1 39. Ra7 c3 40. Nd4 g5 41. Bg3 Kxh6 42. Kf1 Kg6 43. Ke2 Rb8 44. Kd3 Rb2 45. Nc2 Nc5+ 46. Kd4 Rxc2 47. Kxc5 Rg2 48. Ra8 c2 49. Rg8+ Kf5 0-1

[Event "Wch Blitz (Women)"]
[Site "New York"]
[Date "2024.12.30"]
[Round "5"]
[White "Balabayeva, Kseniya"]
[Black "Beydullayeva, Govhar"]
[Result "1/2-1/2"]
[WhiteElo "2315"]
[BlackElo "2404"]
[PlyCount "68"]
[EventDate "2024.12.30"]
[EventType "swiss (blitz)"]
[EventRounds "11"]
[EventCountry "USA"]
[SourceTitle "CB01_2025"]
[SourceDate "2025.01.01"]
[SourceVersion "1"]
[SourceVersionDate "2025.01.01"]
[SourceQuality "1"]

1. d4 Nf6 2. c4 e6 3. Nc3 Bb4 4. e3 0-0 5. Bd2 d5 6. Nf3 Nbd7 7. Bd3 dxc4 8. Bxc4 a6 9. a3 Bd6 10. 0-0 b5 11. Be2 c5 12. dxc5 Nxc5 13. Qc2 Bb7 14. Rfd1 Rc8 15. Rac1 Qe7 16. h3 h6 17. Be1 Rfd8 18. Nd4 g6 19. Bf3 e5 20. Bxb7 Qxb7 21. Nf3 e4 22. Nd4 Nd3 23. Rb1 Bb8 24. Qe2 Qc7 25. g3 Nxe1 26. Qxe1 h5 27. Nde2 h4 28. Rxd8+ Rxd8 29. Rd1 Kg7 30. Kg2 Rxd1 31. Qxd1 Qe5 32. Qd4 hxg3 33. fxg3 Qxd4 34. Nxd4 Be5 1/2-1/2

[Event "Wch Blitz (Women)"]
[Site "New York"]
[Date "2024.12.30"]
[Round "3"]
[White "Balabayeva, Kseniya"]
[Black "Fataliyeva, Ulviyya Hasil Qizi"]
[Result "1-0"]
[WhiteElo "2315"]
[BlackElo "2381"]
[PlyCount "83"]
[EventDate "2024.12.30"]
[EventType "swiss (blitz)"]
[EventRounds "11"]
[EventCountry "USA"]
[SourceTitle "CB01_2025"]
[SourceDate "2025.01.01"]
[SourceVersion "1"]
[SourceVersionDate "2025.01.01"]
[SourceQuality "1"]

1. d4 Nf6 2. c4 e6 3. Nc3 Bb4 4. e3 0-0 5. Bd2 d5 6. Nf3 b6 7. cxd5 exd5 8. Bd3 Bb7 9. 0-0 Re8 10. Ne5 c5 11. f4 cxd4 12. exd4 Nc6 13. Qa4 Bxc3 14. Bxc3 Nxe5 15. dxe5 Ne4 16. Bxe4 dxe4 17. Rad1 Qc7 18. Rd7 Qc5+ 19. Qd4 Qxd4+ 20. Bxd4 Bc6 21. Rd6 Rac8 22. f5 Bb5 23. Re1 Bd3 24. Rd7 Rc2 25. Rxa7 Rec8 26. e6 fxe6 27. Rxg7+ Kf8 28. fxe6 R2c4 29. e7+ Ke8 30. Bf6 Kd7 31. Rxh7 Rc1 32. Rxc1 Rxc1+ 33. Kf2 Rf1+ 34. Ke3 Rxf6 35. h4 Re6 36. Rg7 Rxe7 37. Rg6 b5 38. h5 Re5 39. g4 Ke7 40. h6 Kf7 41. Rg7+ Kf6 42. g5+ 1-0

[Event "Wch Blitz (Women)"]
[Site "New York"]
[Date "2024.12.30"]
[Round "11"]
[White "Balabayeva, Kseniya"]
[Black "Injac, Teodora"]
[Result "0-1"]
[WhiteElo "2315"]
[BlackElo "2441"]
[PlyCount "120"]
[EventDate "2024.12.30"]
[EventType "swiss (blitz)"]
[EventRounds "11"]
[EventCountry "USA"]
[SourceTitle "CB01_2025"]
[SourceDate "2025.01.01"]
[SourceVersion "1"]
[SourceVersionDate "2025.01.01"]
[SourceQuality "1"]

1. d4 Nf6 2. c4 e6 3. Nc3 Bb4 4. e3 0-0 5. Bd2 c5 6. Nf3 b6 7. a3 Bxc3 8. Bxc3 Ne4 9. Rc1 Bb7 10. d5 d6 11. Be2 exd5 12. cxd5 Nd7 13. Qb3 Ndf6 14. Rd1 Qc8 15. 0-0 Qf5 16. Bc4 Nxc3 17. bxc3 Rfe8 18. Bd3 Bxd5 19. Bxf5 Bxb3 20. Rxd6 Rad8 21. Rd2 g6 22. Bb1 Kf8 23. h3 Ke7 24. Re1 Ba4 25. g4 Rxd2 26. Nxd2 Rd8 27. Ne4 Nxe4 28. Bxe4 Rd2 29. Ra1 Kd6 30. c4 Ke5 31. Bd5 f6 32. Kf1 g5 33. Ke1 Rc2 34. Bg8 h6 35. Bd5 Bb3 36. a4 Bxc4 37. Bf3 Ra2 38. Rd1 Rxa4 39. Rd7 Ra1+ 40. Kd2 Ra2+ 41. Kc3 Be6 42. Rh7 Rxf2 43. Bc6 Kd6 44. Bb5 a5 45. Rxh6 Ke5 46. Rh7 Rf3 47. Kd2 c4 48. Rb7 Rxh3 49. Rxb6 c3+ 50. Kd3 Bxg4 51. Rc6 Bf5+ 52. Kxc3 Rxe3+ 53. Kd2 Ra3 54. Rc5+ Kf4 55. Bc6 Ra2+ 56. Ke1 Ra1+ 57. Kf2 g4 58. Rc4+ Kg5 59. Rc5 Ra2+ 60. Kg3 Rc2 0-1

[Event "Wch Blitz (Women)"]
[Site "New York"]
[Date "2024.12.30"]
[Round "9"]
[White "Balabayeva, Kseniya"]
[Black "Kairbekova, Amina"]
[Result "1-0"]
[WhiteElo "2315"]
[BlackElo "2309"]
[PlyCount "57"]
[EventDate "2024.12.30"]
[EventType "swiss (blitz)"]
[EventRounds "11"]
[EventCountry "USA"]
[SourceTitle "CB01_2025"]
[SourceDate "2025.01.01"]
[SourceVersion "1"]
[SourceVersionDate "2025.01.01"]
[SourceQuality "1"]

1. e4 c5 2. Nf3 Nc6 3. Bb5 e6 4. 0-0 Nge7 5. Re1 Nd4 6. Bf1 Nxf3+ 7. Qxf3 d5 8. exd5 Qxd5 9. Bb5+ Bd7 10. Bxd7+ Qxd7 11. Nc3 Nc6 12. d3 Nd4 13. Qd1 Be7 14. Be3 0-0 15. Ne4 f5 16. Nxc5 Bxc5 17. c3 e5 18. cxd4 Bxd4 19. Bxd4 exd4 20. Qb3+ Kh8 21. Re6 Rae8 22. Rae1 Rxe6 23. Qxe6 Qb5 24. Qd6 Kg8 25. Qxd4 a6 26. h4 Qa5 27. Re7 Rf6 28. Qd7 Rg6 29. Re8# 1-0

[Event "Wch Blitz (Women)"]
[Site "New York"]
[Date "2024.12.30"]
[Round "1"]
[White "Balabayeva, Kseniya"]
[Black "Machlik, Monika"]
[Result "1-0"]
[WhiteElo "2315"]
[BlackElo "2107"]
[PlyCount "65"]
[EventDate "2024.12.30"]
[EventType "swiss (blitz)"]
[EventRounds "11"]
[EventCountry "USA"]
[SourceTitle "CB01_2025"]
[SourceDate "2025.01.01"]
[SourceVersion "1"]
[SourceVersionDate "2025.01.01"]
[SourceQuality "1"]

1. d4 Nf6 2. Nf3 e6 3. Bf4 c5 4. e3 Nc6 5. c3 Nh5 6. Bg5 Qb6 7. Qb3 h6 8. Bh4 g5 9. Bg3 Nxg3 10. hxg3 Bg7 11. Nbd2 d5 12. Be2 g4 13. Nh4 h5 14. f3 cxd4 15. exd4 Bd7 16. Qxb6 axb6 17. fxg4 hxg4 18. Bxg4 0-0-0 19. 0-0-0 f5 20. Bf3 Ne7 21. Rh2 Bf6 22. Rdh1 Bg5 23. Kc2 Kc7 24. Nf1 Kd6 25. Be2 f4 26. gxf4 Bxf4 27. Nf5+ Nxf5 28. Rxh8 Rxh8 29. Rxh8 Be8 30. Rxe8 Kd7 31. Bb5+ Kc7 32. Rxe6 Nh4 33. g3 1-0

[Event "Wch Blitz (Women)"]
[Site "New York"]
[Date "2024.12.30"]
[Round "8"]
[White "Balajayeva, Khanim Asad Qizi"]
[Black "Balabayeva, Kseniya"]
[Result "1-0"]
[WhiteElo "2362"]
[BlackElo "2315"]
[PlyCount "163"]
[EventDate "2024.12.30"]
[EventType "swiss (blitz)"]
[EventRounds "11"]
[EventCountry "USA"]
[SourceTitle "CB01_2025"]
[SourceDate "2025.01.01"]
[SourceVersion "1"]
[SourceVersionDate "2025.01.01"]
[SourceQuality "1"]

1. e4 c6 2. d4 d5 3. exd5 cxd5 4. Bd3 Nc6 5. c3 Nf6 6. Bf4 Bg4 7. Qb3 Qd7 8. Nd2 e6 9. Ngf3 Bxf3 10. Nxf3 Bd6 11. Bxd6 Qxd6 12. 0-0 0-0 13. Rfe1 Rab8 14. Qc2 h6 15. Qe2 Nd7 16. Ne5 Ndxe5 17. dxe5 Qe7 18. a4 Rbc8 19. a5 Rfd8 20. a6 b6 21. Ra4 d4 22. cxd4 Nxd4 23. Qe4 Nf5 24. g4 Qg5 25. Kf1 Ne7 26. Bb1 Nd5 27. Rd4 Rc1 28. Rxc1 Qxc1+ 29. Kg2 Qxb2 30. Rc4 Qb5 31. Rc1 Qxa6 32. Qh7+ Kf8 33. Qh8+ Ke7 34. Qxg7 Ne3+ 35. Kg1 Nd5 36. Qxh6 Qe2 37. Qg5+ Kd7 38. Bc2 b5 39. Bd1 Qe1+ 40. Kg2 a5 41. Qg7 Ke7 42. Qg5+ Kd7 43. Qg7 Ke7 44. Qg5+ Kd7 45. Qg7 Re8 46. Qxf7+ Re7 47. Qf3 a4 48. Rc5 Qb4 49. Rc2 a3 50. Be2 Qa4 51. Rc5 b4 52. Bb5+ Qxb5 53. Rxb5 Kc6 54. Ra5 Rb7 55. Qe4 Kd7 56. Qc4 b3 57. Rxa3 b2 58. Rb3 b1Q 59. Rxb1 Rxb1 60. h4 Rb4 61. Qa6 Rxg4+ 62. Kh3 Rg6 63. Qd6+ Ke8 64. h5 Nf4+ 65. Kh2 Nxh5 66. Qc6+ Ke7 67. Qc7+ Ke8 68. Qh7 Nf4 69. Qh8+ Kf7 70. Qh7+ Rg7 71. Qh4 Nd5 72. f3 Rg6 73. Qd8 Nf4 74. Qd7+ Kf8 75. Qc8+ Kf7 76. Qc7+ Kf8 77. Qd6+ Kf7 78. Qd2 Nd5 79. f4 Rg4 80. f5 Re4 81. Qh6 Rxe5 82. Qg6+ 1-0

[Event "Wch Blitz (Women)"]
[Site "New York"]
[Date "2024.12.30"]
[Round "6"]
[White "Belenkaya, Dina"]
[Black "Balabayeva, Kseniya"]
[Result "0-1"]
[WhiteElo "2155"]
[BlackElo "2315"]
[PlyCount "82"]
[EventDate "2024.12.30"]
[EventType "swiss (blitz)"]
[EventRounds "11"]
[EventCountry "USA"]
[SourceTitle "CB01_2025"]
[SourceDate "2025.01.01"]
[SourceVersion "1"]
[SourceVersionDate "2025.01.01"]
[SourceQuality "1"]

1. d4 d5 2. c4 e6 3. Nc3 Nf6 4. cxd5 exd5 5. Bg5 c6 6. Qc2 Be7 7. e3 Nbd7 8. Bd3 Nh5 9. Bxe7 Qxe7 10. Nge2 Nb6 11. 0-0 g6 12. Rae1 0-0 13. Ng3 Nxg3 14. fxg3 f5 15. Rf3 Bd7 16. Ne2 Nc8 17. h4 Nd6 18. Nf4 Rf6 19. Qc1 Be8 20. Bb1 Bd7 21. Nd3 Nf7 22. a3 Re8 23. Ba2 Nh6 24. Ne5 Be6 25. b4 a6 26. Ref1 Ref8 27. R3f2 Bc8 28. e4 Ng4 29. Nxg4 fxg4 30. exd5 cxd5 31. Bxd5+ Kg7 32. Qg5 h6 33. Qd2 Bf5 34. Bb3 Qd6 35. d5 Qxg3 36. Bc2 Qxh4 37. Bxf5 g3 38. Bh3 Rxf2 39. Rxf2 gxf2+ 40. Kf1 Qc4+ 41. Qe2 Qc1+ 0-1

[Event "Wch Blitz (Women)"]
[Site "New York"]
[Date "2024.12.30"]
[Round "2"]
[White "Lagno, Kateryna"]
[Black "Balabayeva, Kseniya"]
[Result "1-0"]
[WhiteElo "2515"]
[BlackElo "2315"]
[PlyCount "65"]
[EventDate "2024.12.30"]
[EventType "swiss (blitz)"]
[EventRounds "11"]
[EventCountry "USA"]
[SourceTitle "CB01_2025"]
[SourceDate "2025.01.01"]
[SourceVersion "1"]
[SourceVersionDate "2025.01.01"]
[SourceQuality "1"]

1. e4 c6 2. Nf3 d5 3. d3 g6 4. e5 Bg7 5. d4 Bg4 6. Be2 h6 7. c3 e6 8. Nbd2 Nd7 9. h3 Bxf3 10. Nxf3 Ne7 11. h4 c5 12. h5 g5 13. 0-0 0-0 14. Bd3 cxd4 15. cxd4 Nc6 16. Bb1 f5 17. exf6 Qxf6 18. Qd3 Rf7 19. Qh7+ Kf8 20. Bg6 Re7 21. Be3 Nb6 22. Ne5 Nxe5 23. dxe5 Qxe5 24. Bc5 Rc8 25. Rac1 Qf6 26. Bxe7+ Kxe7 27. Rxc8 Nxc8 28. Rc1 Kd7 29. Be8+ Kxe8 30. Rxc8+ Kd7 31. Rg8 Qf4 32. Qxg7+ Kd6 33. Qf8+ 1-0

[Event "Wch Blitz (Women)"]
[Site "New York"]
[Date "2024.12.30"]
[Round "10"]
[White "Mamedjarova, Zeinab"]
[Black "Balabayeva, Kseniya"]
[Result "0-1"]
[WhiteElo "2145"]
[BlackElo "2315"]
[PlyCount "115"]
[EventDate "2024.12.30"]
[EventType "swiss (blitz)"]
[EventRounds "11"]
[EventCountry "USA"]
[SourceTitle "CB01_2025"]
[SourceDate "2025.01.01"]
[SourceVersion "1"]
[SourceVersionDate "2025.01.01"]
[SourceQuality "1"]

1. d4 d5 2. Nf3 Nf6 3. e3 e6 4. Be2 c5 5. 0-0 Nc6 6. Nbd2 cxd4 7. exd4 Bd6 8. c3 0-0 9. Re1 Ne4 10. Nxe4 dxe4 11. Ng5 f5 12. d5 h6 13. Nxe6 Bxe6 14. dxe6 Qe7 15. Bc4 Rad8 16. Qe2 Ne5 17. Bb3 Kh7 18. Be3 g6 19. Bd4 Nd3 20. Rf1 Nf4 21. Qe3 Qg5 22. g3 Qg4 23. Kh1 Nh5 24. f4 g5 25. Bd1 Qh3 26. Bxh5 Qxh5 27. Be5 gxf4 28. Bxf4 Bxf4 29. Rxf4 Rd3 30. Qg1 Rd2 31. e7 Re8 32. Raf1 Rxe7 33. Rxf5 Qh3 34. Rf7+ Rxf7 35. Rxf7+ Kg8 36. Rf2 e3 37. Rxd2 exd2 38. Qd1 Qf5 39. Kg2 Qd3 40. Kf2 Kg7 41. Qg4+ Kf6 42. Qf4+ Ke6 43. Qg4+ Kf7 44. Qd1 b5 45. a3 a5 46. h4 Kf6 47. h5 Kg5 48. Kg2 Qe3 49. Kf1 Kf5 50. Qe2 Qxg3 51. Qxd2 Qh3+ 52. Qg2 Qxh5 53. Qd5+ Kg4 54. Qd4+ Kg3 55. Qe3+ Qf3+ 56. Qxf3+ Kxf3 57. b3 Ke3 58. b4 0-1

[Event "Wch Blitz (Women)"]
[Site "New York"]
[Date "2024.12.30"]
[Round "4"]
[White "Zhao, Xue"]
[Black "Balabayeva, Kseniya"]
[Result "1-0"]
[WhiteElo "2442"]
[BlackElo "2315"]
[PlyCount "149"]
[EventDate "2024.12.30"]
[EventType "swiss (blitz)"]
[EventRounds "11"]
[EventCountry "USA"]
[SourceTitle "CB01_2025"]
[SourceDate "2025.01.01"]
[SourceVersion "1"]
[SourceVersionDate "2025.01.01"]
[SourceQuality "1"]

1. Nf3 d5 2. e3 Nf6 3. c4 e6 4. b3 c5 5. Bb2 Nc6 6. cxd5 exd5 7. Bb5 Bd7 8. 0-0 Be7 9. d4 cxd4 10. Nxd4 Nxd4 11. Bxd7+ Qxd7 12. Qxd4 0-0 13. Nc3 Rfd8 14. Rfd1 b6 15. Rd3 Rac8 16. Rad1 Qe6 17. h3 h6 18. Qa4 a5 19. Ne2 Qc6 20. Qxc6 Rxc6 21. Nd4 Rc7 22. Nf5 Kf8 23. g4 Rc2 24. R3d2 Rxd2 25. Rxd2 g6 26. Nxe7 Kxe7 27. Rc2 Rb8 28. Rc7+ Nd7 29. Rc6 b5 30. Ra6 Rc8 31. Rxa5 b4 32. Bd4 Rc2 33. Kg2 Nb8 34. Rxd5 Nc6 35. Rc5 Nxd4 36. exd4 Rxa2 37. Rc4 Rd2 38. Rxb4 Rd3 39. h4 Ke6 40. Rb6+ Ke7 41. Rb4 Ke6 42. Kf1 h5 43. gxh5 gxh5 44. Kg2 Kf5 45. Rb7 f6 46. Rb4 Kg4 47. d5+ Kf5 48. Rb5 Kg4 49. Kf1 Kxh4 50. Ke2 Rd4 51. Ke3 Rd1 52. Kf3 Rd4 53. Ke3 Rd1 54. b4 Kg5 55. d6+ f5 56. Rb6 h4 57. Kf3 Rd3+ 58. Kg2 Kg4 59. b5 h3+ 60. Kh2 Rd2 61. Kg1 f4 62. Rc6 Rd1+ 63. Kh2 Rd2 64. b6 Rxf2+ 65. Kg1 Rg2+ 66. Kh1 f3 67. d7 Rd2 68. b7 Rd1+ 69. Kh2 Rd2+ 70. Kg1 Rd1+ 71. Kf2 h2 72. Rh6 Rd2+ 73. Ke3 Re2+ 74. Kd3 Re1 75. b8Q 1-0